Epistemología evolutiva y teoría de la ciencia / (Record no. 108668)

MARC details
000 -LEADER
campo de control de longitud fija 00698nam a2200193 4500
001 - NÚMERO DE CONTROL
campo de control 108668
003 - IDENTIFICADOR DE NÚMERO DE CONTROL
campo de control ES-MaACL
007 - CAMPO FIJO DE DESCRIPCIÓN FÍSICA--INFORMACIÓN GENERAL
campo de control de longitud fija t|
008 - DATOS DE LONGITUD FIJA--INFORMACIÓN GENERAL
campo de control de longitud fija 061121s1984 sp r ||||1| spa d
020 ## - NÚMERO INTERNACIONAL ESTÁNDAR DEL LIBRO
Número Internacional Estándar del Libro 84-85281-47-0
100 1# - ENTRADA PRINCIPAL--NOMBRE DE PERSONA
Nombre de persona Monserrat, Javier.
9 (RLIN) 82297
245 10 - MENCIÓN DEL TÍTULO
Título Epistemología evolutiva y teoría de la ciencia /
Mención de responsabilidad, etc. Javier Monserrat.
260 ## - PUBLICACIÓN, DISTRIBUCIÓN, ETC.
Lugar de publicación, distribución, etc. Madrid :
Nombre del editor, distribuidor, etc. Universidad Pontificia de Comillas,
Fecha de publicación, distribución, etc. 1984.
300 ## - DESCRIPCIÓN FÍSICA
Extensión XII, 479 p. ;
Dimensiones 24 cm.
490 1# - MENCIÓN DE SERIE
Mención de serie Publicaciones de la Universidad Pontificia de Comillas. Serie III . Textos ;
Designación de volumen o secuencia 7
830 00 - PUNTO DE ACCESO ADICIONAL DE SERIE-TÍTULO UNIFORME
Título uniforme Publicaciones de la Universidad Pontificia Comillas
Designación de volumen o secuencia 7
9 (RLIN) 176621
852 ## - LOCALIZACIÓN
Ubicación ES-MaACL
Número de control de estantería L-8924
Sublocalización o colección R.108530
Holdings
Estatus retirado Estado de pérdida Estado de daño No para préstamo Biblioteca de origen Biblioteca actual Ubicación en estantería Fecha de adquisición Fuente de adquisición Total de préstamos Signatura topográfica completa Código de barras Visto por última vez Precio de reemplazo Tipo de ítem Koha
        Biblioteca del Ateneo de Madrid Biblioteca del Ateneo de Madrid Depósito 2 17/01/2008     L-8924 1113392 23/02/2023 23/02/2023 Libro impreso